000 00536nam a2200181Ia 4500
999 _c13951
_d13951
003 OSt
005 20201023111003.0
008 190216s9999||||xx |||||||||||||| ||und||
020 _a0006165338
040 _coclc
082 _a823.912
_bCHR/S
100 _aChristie, Agatha
_95075
245 0 _aSleeping Murder /
_cAgatha Christie
260 _bHarper Collins Publishers,
_c1977.
_aLondon:
300 _a221p
650 _aGeneral Libraries-English Fiction
942 _cBK
_2ddc
_h823.914
_iCHR/S
_k823.914
_mCHR/S